| 000 | 00798nam a2200253 a 4500 | ||
|---|---|---|---|
| 001 | BRCA_2344 | ||
| 005 | 20190320203753.0 | ||
| 008 | 071008s1956----mx-a---###---#000-0#spa-# | ||
| 041 | _aspa | ||
| 044 | _amx | ||
| 050 | 4 |
_aG1549 _b.C76 1956 |
|
| 100 | 1 |
_aCrone, Gerald Roe _97038 |
|
| 245 | 1 | 0 |
_aHistoria de los mapas _cG. R. Crone ; traducción de Luis Alaminos y Jorge Hernández Campos. |
| 260 |
_aMéxico _bFCE _c1956 |
||
| 300 |
_a207 p. _bil., mapas _c28 cm. |
||
| 440 | 0 |
_aBreviarios del Fondo de Cultura Económica _n120 _97039 |
|
| 500 | _aEjemplar engargolado | ||
| 500 | _aPor política no se presta a domicilio | ||
| 650 | 1 | 4 |
_aCartografía _xHistoria _zMéxico _9760 |
| 700 | 1 |
_aAlaminos, Luis _97040 |
|
| 700 | 1 |
_aHernández Campos, Jorge _97041 |
|
| 902 | _aeng | ||
| 942 |
_2lcc _cB |
||
| 999 |
_c2087 _d2087 |
||